Online
Catalog

Fundadores de la nueva poesía latinoamericana : (Record no. 5976)

MARC details
000 -CABECERA
campo de control de longitud fija 00966nam a2200241 a 4500
001 - NÚMERO DE CONTROL
campo de control 000006181
005 - FECHA Y HORA DE LA ÚLTIMA TRANSACCIÓN
campo de control 20200929151949.0
008 - DATOS DE LONGITUD FIJA--INFORMACIÓN GENERAL
campo de control de longitud fija 790907s1978 sp b 000 0 spa
020 ## - NÚMERO INTERNACIONAL ESTÁNDAR DEL LIBRO
Número Internacional Estándar del Libro 8421102109 :
Condiciones de disponibilidad 225ptas
040 ## - FUENTE DE LA CATALOGACIÓN
Centro catalogador/agencia de origen DO-SdBNP
Lengua de catalogación SPA
Centro/agencia transcriptor BNPHU
Centro/agencia modificador DLC
082 ## - NÚMERO DE LA CLASIFICACIÓN DECIMAL DEWEY
Número de clasificación 861.09
Número de documento/Ítem Y958f, 1978
100 1# - ENTRADA PRINCIPAL--NOMBRE DE PERSONA
Nombre de persona Yurkievich, Saul.
Fechas asociadas al nombre 1931-2005.
9 (RLIN) 17322
245 10 - MENCIÓN DE TÍTULO
Título Fundadores de la nueva poesía latinoamericana :
Resto del título Vallejo, Huidobro, Borges, Neruda, Paz /
Mención de responsabilidad, etc. Saul Yurkievich.
250 ## - MENCIÓN DE EDICIÓN
Mención de edición 3a ed.
260 ## - PUBLICACIÓN, DISTRIBUCIÓN, ETC.
Lugar de publicación, distribución, etc. Barcelona :
Nombre del editor, distribuidor, etc. Barral Editores,
Fecha de publicación, distribución, etc. 1978.
300 ## - DESCRIPCIÓN FÍSICA
Extensión 286 p. ;
Dimensiones 20 cm.
490 1# - MENCIÓN DE SERIE
Mención de serie Breve Biblioteca de Respuesta :
-- Series de Respuesta ;
Designación de volumen o secuencia no. 10
504 ## - NOTA DE BIBLIOGRAFÍA, ETC.
Nota de bibliografía, etc. Incluye referencias bibliográficas.
650 #4 - PUNTO DE ACCESO ADICIONAL DE MATERIA--TÉRMINO DE MATERIA
Término de materia o nombre geográfico como elemento de entrada Poesía latinoamericana
Subdivisión general Historia y crítica
9 (RLIN) 17323
650 #4 - PUNTO DE ACCESO ADICIONAL DE MATERIA--TÉRMINO DE MATERIA
Término de materia o nombre geográfico como elemento de entrada Literatura latinoamericana
Subdivisión general Historia y crítica
9 (RLIN) 5706
830 #0 - PUNTO DE ACCESO ADICIONAL DE SERIE-TÍTULO UNIFORME
Título uniforme Breve Biblioteca de Respuesta :
Nombre de parte o sección de la obra Series de Respuesta ;
Designación de volumen o secuencia no. 10
9 (RLIN) 17324
910 ## - DATOS DE OPCIÓN DEL USUARIO (OCLC)
Datos de opción del usuario Catalogación original noche / LC
Holdings
Estado de retiro Estado de pérdida Restricciones de uso No para préstamo Código de colección Localización permanente Ubicación/localización actual Ubicación en estantería Fecha de adquisición Número de inventario Total de préstamos Signatura topográfica completa Código de barras Fecha visto por última vez Precio válido a partir de Tipo de ítem Koha
        Monografías: Libros y Folletos General General En catalogación 25.03.2010 LF1   861.09 Y958f, 1978 6181-10 25.06.2020 25.06.2020 Préstamo en sala

Powered by Koha